| 000 | 00883nam a22002777a 4500 | ||
|---|---|---|---|
| 001 | 10084 | ||
| 003 | FISKH | ||
| 005 | 20260407102659.0 | ||
| 008 | 260407b cb ||||| |||| 00| 0 eng d | ||
| 020 | _a9781879431096 | ||
| 040 |
_aFISKH _beng _cFISKH _dFISKH |
||
| 050 | _aQL49 .R69 | ||
| 082 | _a591 | ||
| 100 | _aRoyston, Angela | ||
| 245 | _aWhat's inside? small animals / | ||
| 250 | _aThis edition published in 1994 | ||
| 260 |
_aNew York : _bA Dorling Kindersley Book, _c1991 |
||
| 300 |
_a17 pages : _bcolor illustrations ; _c24 cm |
||
| 505 | _aJ | ||
| 520 | _aCaptioned color illustrations describe what goes on inside the bodies of some of the small animals children see around them. | ||
| 521 | 8 |
_a500
_bLexile estimate |
|
| 521 | 8 |
_aJ
_bRaz-Plus |
|
| 650 |
_aAnimal Anatomy _vAnimal Non-Fiction _xScience |
||
| 942 |
_2ddc _cBK _n0 |
||
| 999 |
_c10084 _d10084 |
||